000 01231cam a22003014a 4500
001 12886677
003 NUST - PNEC
005 20170116180748.0
008 020807s2002 ohua b 001 0 eng
010 _a 2002012672
020 _a1571170456
040 _cLIBRARY
042 _apcc
050 0 0 _aTA417.25
_b.R32 2002
082 0 0 _a620.1127 BOSS
_221
100 _91460
_aBossi Richard H.
245 0 0 _aRadiographic testing /
_ctechnical editors, Richard H. Bossi, Frank A. Iddings, George C. Wheeler.
260 _aColumbus, OH :
_bAmerican Society for Nondestructive Testing,
_c2002.
300 _axi, 691 p. :
_bill. ;
_c29 cm.
440 0 _aNondestructive testing handbook (3rd ed.) ;
_vv. 4
504 _aIncludes bibliographical references and index.
530 _aAlso available in CD-ROM.
650 0 _aRadiography, Industrial.
_xME, IME
856 _uhttp://www.amazon.com/Radiographic-Testing-Nondestructive-Handbook-3rd/dp/1571170456/ref=sr_1_1?s=books&ie=UTF8&qid=1424682398&sr=1-1&keywords=9781571170453
906 _a7
_bcbc
_corignew
_d1
_eecip
_f20
_gy-gencatlg
942 _2ddc
_cBK
999 _c62422
_d62422